| 000 | 00700nam a2200229Ia 4500 | ||
|---|---|---|---|
| 999 |
_c49760 _d49760 |
||
| 001 | 16695 | ||
| 003 | GE_BSU | ||
| 005 | 20221114145833.0 | ||
| 008 | 181216s2011||||en |||||||||||||| ||eng|| | ||
| 020 | _a9781413313130x | ||
| 040 | _cGE_BSU | ||
| 080 | _a371 S-58 | ||
| 100 |
_aSiegel, Lawrence M. _96659 |
||
| 245 | 4 |
_aThe complete IEP guide : _bhow to advocate for your special ed child / _cLawrence M. Siegel ; Edition:Janet Portman. |
|
| 250 | _a7th Edition | ||
| 264 |
_aUSA : _bNOLO, _c2011. |
||
| 300 |
_a402 p .: _c27 cm |
||
| 653 | _aThe complete IEP guide | ||
| 653 | _aპედაგოგიკა | ||
| 700 |
_aPortman, Janet _eრედაქტორი _96660 |
||
| 942 |
_cBK _2udc |
||